| 000 | 00880nam a22002537a 4500 | ||
|---|---|---|---|
| 005 | 20220329143244.0 | ||
| 008 | 070926d2007 mx a r 00110 spa d | ||
| 010 | _a94015 | ||
| 011 | _a94987 | ||
| 035 | _a105590 | ||
| 090 | _aTesis | ||
| 100 | 1 |
_aHernández Soriano, Ángel. _954645 |
|
| 245 | 1 | 0 |
_aPropagación in vitro del viejito (Cephalocereus senilis) _c/por Ángel Hernández Soriano |
| 260 |
_aMéxico, D.F. _bEl autor, _c2007. |
||
| 300 |
_a44 h. ; _bilus. ; gráfs. ; cudros. |
||
| 502 | _aTesis (Ing. Biotecnologo) -- IPN. Unidad Profecional Interdiciplinaria de Biotecnología | ||
| 590 |
_aALEPH _b10 _c20130110 _lUCH01 _h1519 |
||
| 590 |
_aBATCH-UPD _b10 _c20130410 _lUCH01 _h0231 |
||
| 590 |
_aBATCH-UPD _b10 _c20130914 _lUCH01 _h1611 |
||
| 590 |
_aCONVERSION _b10 _c20130109 _lUCH01 _h1352 |
||
| 901 | _aBK | ||
| 905 | _aMayto Villalobos Santana | ||
| 911 | _aProceso | ||
| 999 |
_c94015 _d94015 |
||